000 01261nam a22003497a 4500
003 CHAP
005 20221025144324.0
008 971013s r 00010 d
010 _a72505
011 _a73477
035 _a83034
040 _cCHAP
090 _aTesis
100 0 0 _aGarcía Calderón, Rafael.
_945799
245 _aEfecto de las irradiaciones gamma (Co60) sobre algunos caracteres fenotípicos en trigo (Triticum aestivum L.) y Triticale (Triticale octoploide) a nivel de invernadero /
_cpor Rafael García Calderón
260 _aMonterrey, N.L. :
_bEl autor,
_c1977
300 _a63 h.
_b: gráfs.
502 _aTesis (M.C. Esp. en Fitomejoramiento) -- ITESM. Div. de Ciencias Agropecuarias y Marítimas. Programa de Graduados
590 _aALEPH
_b10
_c20130110
590 _aBATCH-UPD
_b10
_c20130109
590 _aBATCH-UPD
_b10
_c20130110
590 _aBATCH-UPD
_b10
_c20130409
590 _aBATCH-UPD
_b10
_c20130410
590 _aBATCH-UPD
_b10
_c20130914
590 _aCONVERSION
_b10
_c20130109
650 1 4 _aRayos gamma
_xEfectos fisológicos.
_994861
650 1 4 _aTrigo
_xGenética.
_9115030
650 1 4 _aTriticale
_xGenética.
_9115211
901 _aBK
942 _cTESIS
_2ddc
949 _bBC
_cTES
_d-37365
_eTS1
_i83034
_si
999 _c72505
_d72505